[Event "World Amateur-ch U2300"]
[Site "Spoleto"]
[Date "2017.04.04"]
[Round "5"]
[White "Cmiel, Thorsten"]
[Black "Vasquez, Otazu Michael"]
[Result "0-1"]
[WhiteElo "2234"]
[BlackElo "2041"]
[PlyCount "186"]
[EventDate "2017.04.01"]
[EventType "swiss"]
[EventRounds "9"]
[EventCountry "ITA"]
[SourceTitle "CBM 177 Extra"]
[Source "ChessBase"]
[SourceDate "2017.04.27"]
[SourceVersion "1"]
[SourceVersionDate "2017.04.27"]
[SourceQuality "1"]

1. d4 Nf6 2. Nf3 g6 3. Bf4 b6 4. e3 Bb7 5. Be2 Bg7 6. c4 0-0 7. Nc3 d6 8. 0-0 Nbd7 9. h3 Ne4 10. Nxe4 Bxe4 11. Bh2 c5 12. Rc1 Rc8 13. b3 Bxf3 14. Bxf3 Qc7 15. d5 Be5 16. g3 a6 17. a4 Nf6 18. Bg2 Ne8 19. f4 Bg7 20. g4 Rb8 21. Re1 b5 22. axb5 axb5 23. cxb5 Rxb5 24. Bf1 Rb4 25. Bc4 Nf6 26. e4 Nd7 27. Qf3 Nb6 28. e5 Nxc4 29. bxc4 Rfb8 30. Qe4 Rb2 31. Rc2 Qa5 32. Rxb2 Rxb2 33. Re2 Qa1+ 34. Kg2 Qa2 35. Rxb2 Qxb2+ 36. Kh1 Qf2 37. Qd3 Qe1+ 38. Kg2 dxe5 39. Bg3 Qa1 40. Qe2 exf4 41. Bxf4 Bd4 42. Bh2 Kf8 43. h4 Ke8 44. g5 Qa3 45. Bd6 Qe3 46. Qxe3 Bxe3 47. Be5 Kd7 48. Kf3 Bg1 49. Bg3 Bd4 50. Ke4 f5+ 51. gxf6 exf6 52. Be1 Kd6 53. Bg3+ Kd7 54. Be1 f5+ 55. Kf3 Bf6 56. Bf2 Kd6 57. Bg3+ Be5 58. Bxe5+ Kxe5 59. Kf2 h6 60. Ke3 g5 61. hxg5 hxg5 62. Kf2 f4 63. Kf3 Kf5 64. Kg2 g4 65. Kf2 f3 66. Kg3 Ke5 67. Kf2 Kf4 68. d6 g3+ 69. Kf1 Ke3 70. d7 g2+ 71. Kg1 Ke2 72. d8Q f2+ 73. Kxg2 f1Q+ 74. Kg3 Qf3+ 75. Kh4 Qf4+ 76. Kh5 Qxc4 77. Kh6 Qf4+ 78. Kh7 Qe4+ 79. Kg8 c4 80. Qa5 Qg4+ 81. Kh7 Qh3+ 82. Kg8 Qg3+ 83. Kh7 Qd3+ 84. Kg8 c3 85. Qe5+ Kd1 86. Qc5 c2 87. Qg1+ Kd2 88. Qf2+ Kc3 89. Qf6+ Qd4 90. Qg5 Qc4+ 91. Kh7 Qe4+ 92. Kg8 Qa8+ 93. Kh7 Qh1+ 0-1